Subjects/ Strategies : A writer's reader

Salvato in:
Dettagli Bibliografici
Natura: Sách giấy
Lingua:English
Pubblicazione: N.Y. : Bedford, 1999
Tags: Aggiungi Tag
Nessun Tag, puoi essere il primo ad aggiungerne! !
Thư viện lưu trữ: Thư viện Trường Đại học Đà Lạt
LEADER 00498nam a2200229 4500
001 DLU020018005
005 ##5/9/2001
020 # # |a 978- 
041 # # |a eng 
082 # # |a 808.042  |b Sub 
245 # # |a Subjects/ Strategies :  |b A writer's reader 
260 # # |a N.Y. :  |b Bedford,  |c 1999 
300 # # |a 659 tr.;   |c 24 cm. 
992 # # |a 0 
994 # # |a DLU 
900 # # |a False 
911 # # |a Administrator 
925 # # |a G 
926 # # |a A 
927 # # |a SH 
980 # # |a Thư viện Trường Đại học Đà Lạt